| 000 | 00817nam a2200217Ia 4500 | ||
|---|---|---|---|
| 003 | GCL | ||
| 008 | 140319s9999 xx 000 0 ara d | ||
| 040 |
_aGCL / _cGCL |
||
| 082 | 0 | 4 |
_a915 _bح ج |
| 100 | 1 | _aحسن سيد احمد ابو العينين | |
| 245 | 1 | 0 |
_aجغرافية العالم الاقليمية : اسيا الموسمية وعالم المحيط الهادى / _cحسن سيد احمد ابو العينين |
| 250 | _aالعاشرة | ||
| 260 |
_aالقاهرة : _bمؤسسة الثقافةالجامعية للطبع والنشر ، _c1989 |
||
| 300 |
_a907 ص ؛ _c24سم |
||
| 490 | _a | ||
| 650 | 0 | 4 | _aجغرافية العالم |
| 650 | 0 | 4 | _aالجغرافيا الاقليمية |
| 650 | 0 | 4 | _aاسيا - جغرافيا |
| 650 | 0 | 4 | _aالمحيط الهادى |
| 942 |
_2ddc _cBK |
||
| 999 |
_c54442 _d54442 |
||